[Event "26th Open"]
[Site "Cappelle la Grande FRA"]
[Date "2010.02.16"]
[Round "5"]
[White "Kulaots,K"]
[Black "Braeuning,R"]
[Result "1/2-1/2"]
[WhiteElo "2575"]
[BlackElo "2348"]
[EventDate "2010.02.13"]

1. e4 c5 2. Nf3 g6 3. d4 cxd4 4. Nxd4 Nc6 5. Nc3 Bg7 6. Be3 Nf6 7. Bc4 O-O
8. Bb3 d6 9. f3 Bd7 10. Qd2 Nxd4 11. Bxd4 b5 12. a4 b4 13. Nd5 Nxd5 14.
Bxg7 Kxg7 15. exd5 Qb6 16. h4 h5 17. O-O-O Qa5 18. Qd4+ Kg8 19. g4 Bxa4 20.
Bxa4 Qxa4 21. Kb1 Rac8 22. b3 Qd7 23. gxh5 Qf5 24. Rd3 Qxh5 25. Qxb4 Rc5
26. Qe4 Rfc8 27. c4 a5 28. Rc1 Qf5 29. Qxf5 gxf5 30. Kb2 Kg7 31. f4 Rh8 32.
Rh3 Kf6 33. h5 e6 34. Rd1 exd5 35. Rxd5 Kg7 36. Ka3 Rhc8 37. Rg3+ Kh6 38.
Rg5 f6 39. Rgxf5 Kg7 40. Ka4 Rb8 1/2-1/2

[Event "26th Open"]
[Site "Cappelle la Grande FRA"]
[Date "2010.02.16"]
[Round "5"]
[White "Cori,J"]
[Black "Luther,T"]
[Result "1/2-1/2"]
[WhiteElo "2483"]
[BlackElo "2577"]
[EventDate "2010.02.13"]

1. e4 e6 2. d4 d5 3. e5 c5 4. c3 Nc6 5. Nf3 Qb6 6. a3 c4 7. Be2 Na5 8. Nbd2
Bd7 9. O-O Ne7 10. Ne1 O-O-O 11. g3 Kb8 12. f4 f6 13. Ng2 Nec6 14. Kh1 Be7
15. Bh5 Be8 16. exf6 gxf6 17. Bxe8 Rdxe8 18. Nf3 f5 19. Qe2 Bf6 20. Ne5 Qc7
21. Qh5 1/2-1/2

[Event "26th Open"]
[Site "Cappelle la Grande FRA"]
[Date "2010.02.16"]
[Round "5"]
[White "Radulski,J"]
[Black "Raykhman,A"]
[Result "1-0"]
[WhiteElo "2577"]
[BlackElo "2319"]
[EventDate "2010.02.13"]

1. e4 c5 2. Nc3 a6 3. Nf3 d6 4. d4 cxd4 5. Nxd4 Nf6 6. Bg5 Nbd7 7. f4 Qc7
8. Qf3 h6 9. Bh4 g5 10. fxg5 hxg5 11. Bxg5 Qc5 12. Be3 Ne5 13. Qe2 Neg4 14.
Bg1 Bh6 15. g3 Ne5 16. h3 Bd7 17. Nb3 Qc7 18. Bd4 Rc8 19. Rg1 Be6 20. g4
Bg5 21. Nd2 b5 22. a3 Nfd7 23. O-O-O Nb6 24. Kb1 f6 25. Nf3 Nxf3 26. Qxf3
Nc4 27. Bxc4 Qxc4 28. Rg2 Kf7 29. Nd5 Qc6 30. Rd3 Qb7 31. Rf2 Rh6 32. Be3
Bxd5 33. exd5 Bxe3 34. Qxe3 Rch8 35. g5 1-0

[Event "26th Open"]
[Site "Cappelle la Grande FRA"]
[Date "2010.02.17"]
[Round "6"]
[White "Fedorchuk,S"]
[Black "Gurevich,M"]
[Result "0-1"]
[WhiteElo "2641"]
[BlackElo "2597"]
[EventDate "2010.02.13"]

1. e4 e6 2. d4 d5 3. Nd2 c5 4. Ngf3 Nf6 5. e5 Nfd7 6. c3 Nc6 7. Bd3 a6 8.
O-O g5 9. Bb1 g4 10. Ne1 cxd4 11. cxd4 Nxd4 12. Qxg4 Nc6 13. f4 h5 14. Qd1
Qb6+ 15. Kh1 Nc5 16. Ndf3 h4 17. Ng5 Be7 18. Nef3 Bd7 19. h3 a5 20. Bc2 Nb4
21. Be3 Qa6 22. Nxf7 Kxf7 23. Ng5+ Ke8 24. Bg6+ Kd8 25. Rc1 b6 26. a3 Nc6
27. Nf7+ Kc7 28. f5 Rhg8 29. Nd6 Nxe5 30. fxe6 Bxd6 31. b4 axb4 32. axb4
Rxg6 33. exd7 Qd3 34. bxc5 bxc5 35. d8=Q+ Kxd8 36. Qh5 Kd7 37. Bxc5 Qe4 38.
Rf2 Bxc5 39. Rxc5 Ra1+ 40. Kh2 Rxg2+ 0-1

[Event "26th Open"]
[Site "Cappelle la Grande FRA"]
[Date "2010.02.17"]
[Round "6"]
[White "Shchekachev,A"]
[Black "Kazhgaleyev,M"]
[Result "0-1"]
[WhiteElo "2546"]
[BlackElo "2643"]
[EventDate "2010.02.13"]

1. Nf3 Nf6 2. c4 c6 3. d4 d5 4. Nc3 dxc4 5. a4 Bf5 6. e3 e6 7. Bxc4 Bb4 8.
O-O O-O 9. Qe2 Nbd7 10. e4 Bg6 11. Bd3 c5 12. e5 cxd4 13. Na2 Nd5 14. Bxg6
hxg6 15. Nxb4 Nxb4 16. Bg5 Qb6 17. Be7 Rfc8 18. Qe4 Nd5 19. Ba3 Qd8 20.
Qxd4 a6 21. Bd6 Rc2 22. Qg4 Rac8 23. Nd4 Rd2 24. Rad1 N7f6 25. Nxe6 Nxg4
26. Nxd8 Rxd1 27. Rxd1 Rxd8 28. Rxd5 Nxe5 29. Rxe5 Rxd6 30. Re8+ Kh7 31. g3
Rb6 32. h4 Rxb2 33. Rf8 f6 34. a5 Rb5 35. Rf7 g5 36. hxg5 Kg6 37. Rc7 Rxg5
38. Rxb7 Rxa5 39. Kg2 Kh6 40. Rb6 Kg5 41. Rb7 g6 42. Rb6 Kf5 43. g4+ Kg5
44. Kg3 Ra3+ 45. f3 f5 46. gxf5 gxf5 47. Rb8 Ra4 48. f4+ Kh5 49. Rh8+ Kg6
50. Rb8 Ra5 51. Kh4 Rb5 52. Rg8+ Kf6 53. Rf8+ Ke7 54. Ra8 a5 55. Kg5 Kd7
56. Rf8 Rc5 57. Kf6 Kc7 58. Ke6 Kb7 59. Kd6 Rb5 60. Rf7+ Kb6 61. Rf8 a4 62.
Rb8+ Ka5 63. Ra8+ Kb4 64. Kc6 Ra5 65. Rb8+ Kc4 66. Kb6 Rb5+ 0-1

[Event "26th Open"]
[Site "Cappelle la Grande FRA"]
[Date "2010.02.17"]
[Round "6"]
[White "Drozdovskij,Y"]
[Black "Vovk,Y"]
[Result "1-0"]
[WhiteElo "2624"]
[BlackElo "2546"]
[EventDate "2010.02.13"]

1. d4 Nf6 2. c4 g6 3. Nf3 Bg7 4. g3 O-O 5. Bg2 d6 6. Nc3 Nc6 7. O-O a6 8.
b3 Rb8 9. Nd5 Nh5 10. Bb2 e6 11. Nc3 f5 12. d5 Ne5 13. dxe6 Bxe6 14. e3 b5
15. cxb5 axb5 16. Nd4 Bd7 17. Qc2 Nf6 18. Rfd1 b4 19. Nd5 c5 20. Ne2 Nxd5
21. Bxd5+ Kh8 22. a4 bxa3 23. Rxa3 Re8 24. Nf4 Re7 25. Ra7 Bc8 26. Rda1 Bf6
27. Nd3 Rxa7 28. Rxa7 Nxd3 29. Qxd3 f4 30. gxf4 Bf5 31. e4 Bg4 32. Qg3 Bd1
33. e5 g5 1-0

[Event "26th Open"]
[Site "Cappelle la Grande FRA"]
[Date "2010.02.17"]
[Round "6"]
[White "Mamedov,Nid"]
[Black "Amin,B"]
[Result "1/2-1/2"]
[WhiteElo "2610"]
[BlackElo "2544"]
[EventDate "2010.02.13"]

1. e4 e5 2. Nf3 Nc6 3. Bb5 a6 4. Ba4 Nf6 5. O-O Nxe4 6. d4 b5 7. Bb3 d5 8.
dxe5 Be6 9. Nbd2 Bc5 10. Qe2 Bf5 11. c3 O-O 12. Nxe4 dxe4 13. Ng5 Nxe5 14.
Nxe4 Bg4 15. Qc2 Bf5 16. Qe2 Bg4 17. Qc2 Bf5 18. Qe2 1/2-1/2

[Event "26th Open"]
[Site "Cappelle la Grande FRA"]
[Date "2010.02.17"]
[Round "6"]
[White "Abergel,T"]
[Black "Edouard,R"]
[Result "1/2-1/2"]
[WhiteElo "2538"]
[BlackElo "2608"]
[EventDate "2010.02.13"]

1. e4 c6 2. Ne2 d5 3. e5 d4 4. b4 f6 5. f4 fxe5 6. fxe5 Qd5 7. Bb2 c5 8.
bxc5 Nc6 9. d3 Qxe5 10. c3 Qxc5 11. cxd4 Qb6 12. Bc3 Nf6 13. Na3 Nd5 14.
Nc4 Qd8 15. Qd2 Nxc3 16. Nxc3 e6 17. Be2 Qxd4 18. Rb1 Bc5 19. Rf1 Rf8 20.
Nb5 Qd8 21. Bh5+ g6 22. Rxf8+ Bxf8 23. Bf3 a6 24. Bxc6+ bxc6 25. Nc3 Qd4
26. Ke2 e5 27. Ne4 Bg4+ 28. Kf1 Be6 29. Qc2 O-O-O 30. Qb3 Qxd3+ 31. Kf2
Qxb3 32. axb3 Rd3 33. Ke2 Rd4 34. Ned2 Bh6 35. Nf3 Re4+ 36. Kf2 Kc7 37. Rd1
Be3+ 38. Kf1 Bd4 39. Re1 Rf4 40. Ke2 Bc3 41. Rd1 c5 42. Rd5 1/2-1/2

[Event "26th Open"]
[Site "Cappelle la Grande FRA"]
[Date "2010.02.17"]
[Round "6"]
[White "Hebden,M"]
[Black "Kryvoruchko,Y"]
[Result "1/2-1/2"]
[WhiteElo "2532"]
[BlackElo "2598"]
[EventDate "2010.02.13"]

1. d4 d5 2. Nf3 Nf6 3. c4 c6 4. e3 g6 5. Nc3 Bg7 6. Be2 O-O 7. O-O Be6 8.
cxd5 cxd5 9. Ne5 Nbd7 10. Nd3 Bf5 11. Qb3 Bxd3 12. Bxd3 Nb6 13. Bd2 Qd7 14.
Rac1 Rfc8 15. Rc2 e6 16. Rfc1 Ne8 17. Bb5 Qd8 18. Na4 Nxa4 19. Qxa4 Nd6 20.
Bd3 a6 21. Ba5 Rxc2 22. Rxc2 b6 23. Bb4 b5 24. Qa5 Qxa5 25. Bxa5 Nc4 26.
Be1 Rc8 27. b3 Nb6 28. Rxc8+ Nxc8 29. a4 bxa4 30. bxa4 Nb6 31. a5 Nc4 32.
Bb4 f5 33. Kf1 Kf7 34. Ke2 e5 35. dxe5 Bxe5 36. h3 Bc7 37. g4 Ke6 38. f3
Bd8 1/2-1/2

[Event "26th Open"]
[Site "Cappelle la Grande FRA"]
[Date "2010.02.17"]
[Round "6"]
[White "Apicella,M"]
[Black "Dziuba,M"]
[Result "1/2-1/2"]
[WhiteElo "2518"]
[BlackElo "2587"]
[EventDate "2010.02.13"]

1. c4 Nf6 2. Nf3 c6 3. d4 d5 4. cxd5 cxd5 5. Nc3 Nc6 6. Bf4 a6 7. h3 e6 8.
e3 Be7 9. Bd3 O-O 10. Rc1 Bd7 11. O-O Qa5 12. Ne5 Rfc8 13. Bb1 Be8 14. Qd3
g6 15. a3 Qd8 16. Rcd1 Na5 17. Rfe1 Ne4 18. Nxe4 Bb5 19. Qd2 Nb3 20. Nf6+
Bxf6 21. Qb4 Na5 22. e4 Be7 23. Qd2 Nc4 24. Nxc4 Bxc4 25. e5 Bb3 26. Rc1 a5
27. g3 b5 28. Rxc8 Rxc8 29. Rc1 b4 30. Rxc8 Qxc8 31. axb4 Bxb4 32. Qe3 a4
1/2-1/2

[Event "26th Open"]
[Site "Cappelle la Grande FRA"]
[Date "2010.02.17"]
[Round "6"]
[White "Geetha Narayanan Gopal"]
[Black "Kharitonov,Alexandr"]
[Result "1-0"]
[WhiteElo "2575"]
[BlackElo "2538"]
[EventDate "2010.02.13"]

1. e4 c6 2. d4 d5 3. Nc3 dxe4 4. Nxe4 Bf5 5. Ng3 Bg6 6. h4 h6 7. Nf3 Nd7 8.
h5 Bh7 9. Bd3 Bxd3 10. Qxd3 e6 11. Bd2 Ngf6 12. O-O-O Be7 13. Qe2 O-O 14.
Nf1 Kh8 15. Rg1 c5 16. g4 cxd4 17. g5 hxg5 18. Bxg5 Qa5 19. Kb1 Qa6 20.
Qxa6 bxa6 21. Nxd4 Bc5 22. Ng3 e5 23. Ndf5 Bxf2 24. Rg2 Bxg3 25. Rxg3 Ne4
26. Rxd7 Nxg3 27. Nxg3 f6 28. h6 g6 29. Be3 Rad8 30. Rxd8 Rxd8 31. c4 f5
32. Bg5 Rc8 33. b3 Kh7 34. Kc2 a5 35. Ne2 a4 36. Nc3 axb3+ 37. axb3 a5 38.
Kd3 Rb8 39. Nb5 f4 40. Ke2 Rf8 41. Nc7 e4 42. Nd5 f3+ 43. Kf2 Rb8 44. Nf6+
Kh8 45. Nxe4 Rxb3 46. Bf4 Kh7 47. Nf6+ Kh8 48. Bd6 a4 49. Bf8 Rb7 50. c5 a3
51. c6 Rc7 52. Bg7+ Rxg7 53. hxg7+ Kxg7 54. c7 a2 55. c8=Q a1=Q 56. Qg8+
Kh6 57. Qh8+ 1-0

[Event "26th Open"]
[Site "Cappelle la Grande FRA"]
[Date "2010.02.17"]
[Round "6"]
[White "Gajewski,G"]
[Black "Jojua,D"]
[Result "1/2-1/2"]
[WhiteElo "2568"]
[BlackElo "2535"]
[EventDate "2010.02.13"]

1. d4 d5 2. c4 e6 3. Nc3 Be7 4. Nf3 Nf6 5. Bg5 O-O 6. e3 h6 7. Bh4 Ne4 8.
Bxe7 Qxe7 9. Rc1 c6 10. Bd3 Nxc3 11. Rxc3 dxc4 12. Bxc4 Nd7 13. O-O e5 14.
Bb3 Rd8 15. Re1 exd4 16. exd4 Qd6 17. g4 Nf6 18. g5 Nd5 19. Bxd5 cxd5 20.
Qd2 h5 21. Ne5 Bf5 22. Rf3 Bg6 23. Nxg6 Qxg6 24. Re7 Rf8 25. Qe3 Rac8 26.
Qe5 Rc1+ 27. Kg2 Qb1 28. Rexf7 Rg1+ 29. Kh3 Rxf7 30. Qe8+ Kh7 31. Qxf7 Rxg5
32. Rg3 Rxg3+ 1/2-1/2

[Event "26th Open"]
[Site "Cappelle la Grande FRA"]
[Date "2010.02.17"]
[Round "6"]
[White "Riff,JN"]
[Black "Zakhartsov,Vi"]
[Result "1/2-1/2"]
[WhiteElo "2515"]
[BlackElo "2562"]
[EventDate "2010.02.13"]

1. e4 c5 2. Nf3 e6 3. Be2 Nc6 4. O-O Nf6 5. Nc3 a6 6. d4 cxd4 7. Nxd4 Qc7
8. Be3 Bb4 9. Na4 Be7 10. Nxc6 bxc6 11. Nb6 Rb8 12. Nxc8 Qxc8 13. e5 Nd5
14. Bc1 Bc5 15. c4 Ne7 16. b3 Qc7 17. Bb2 d6 18. exd6 Bxd6 19. g3 Be5 20.
Bxe5 1/2-1/2

[Event "26th Open"]
[Site "Cappelle la Grande FRA"]
[Date "2010.02.17"]
[Round "6"]
[White "Dragun,K"]
[Black "Oleksienko,M"]
[Result "1-0"]
[WhiteElo "2300"]
[BlackElo "2546"]
[EventDate "2010.02.13"]

1. e4 c5 2. Nf3 Nc6 3. d4 cxd4 4. Nxd4 Qb6 5. Nb3 Nf6 6. Nc3 e6 7. Qe2 d6
8. Be3 Qc7 9. g4 a6 10. g5 Nd7 11. f4 b5 12. Qf2 Be7 13. Bg2 b4 14. Ne2 a5
15. O-O Ba6 16. Rfe1 h6 17. h4 hxg5 18. hxg5 g6 19. Nbd4 Nxd4 20. Nxd4 e5
21. Nf3 Rc8 22. a3 Bb7 23. axb4 axb4 24. f5 Qxc2 25. Nd2 gxf5 26. Qxf5 Bd5
27. g6 fxg6 28. Qxg6+ Bf7 29. Qf5 Rh5 30. Qf1 Qxb2 31. Bh3 Rd8 32. Ra7 Nf6
33. Rc1 Rxh3 34. Rcc7 Rg3+ 35. Kh2 Rd7 36. Rxd7 Nxd7 37. Qf5 Nc5 38. Qc8+
Bd8 39. Qc6+ Kf8 40. Qxd6+ 1-0

[Event "26th Open"]
[Site "Cappelle la Grande FRA"]
[Date "2010.02.17"]
[Round "6"]
[White "Rivas Pastor,M"]
[Black "Hammer,J"]
[Result "1/2-1/2"]
[WhiteElo "2531"]
[BlackElo "2627"]
[EventDate "2010.02.13"]

1. e4 c5 2. Nf3 e6 3. c3 d5 4. e5 Nc6 5. g3 d4 6. d3 Nge7 7. Qe2 Ng6 8. Bg2
Qc7 9. Bf4 Be7 10. cxd4 Nxf4 11. gxf4 Qa5+ 12. Nbd2 Qb4 13. O-O Nxd4 14.
Nxd4 Qxd4 15. Ne4 Bd7 16. Rfc1 Bb5 17. Qe3 Rd8 18. Nxc5 Bxc5 19. Rxc5 Qxb2
20. Qc1 Qxc1+ 21. Raxc1 Bxd3 22. Rc7 O-O 23. Rxb7 a6 24. Ra7 Bb5 25. Be4
Rd4 26. f3 g6 27. Rac7 Rfd8 28. R1c2 Bd3 29. Bxd3 Rxd3 30. Kf2 Ra3 31. Kg3
Rdd3 32. Rf2 Rd1 33. Rb2 Rf1 34. Rb3 Rxb3 35. axb3 Rg1+ 36. Kf2 Rb1 37. Ra7
Rxb3 38. Rxa6 h5 39. h4 Rc3 40. Ke1 1/2-1/2

[Event "26th Open"]
[Site "Cappelle la Grande FRA"]
[Date "2010.02.17"]
[Round "6"]
[White "Bogner,S"]
[Black "Rozentalis,E"]
[Result "1-0"]
[WhiteElo "2494"]
[BlackElo "2623"]
[EventDate "2010.02.13"]

1. Nf3 Nf6 2. c4 b6 3. g3 Bb7 4. Bg2 c5 5. O-O e6 6. Nc3 Be7 7. Re1 d6 8.
e4 e5 9. d3 O-O 10. a3 Nc6 11. Rb1 Bc8 12. h3 h6 13. b4 Nd4 14. Kh2 Nxf3+
15. Bxf3 Nh7 16. Bg2 Ng5 17. bxc5 dxc5 18. f4 Ne6 19. Nd5 exf4 20. gxf4 Nd4
21. Be3 Bh4 22. Rg1 f5 23. e5 Rb8 24. Qh5 Rb7 25. Bxd4 cxd4 26. Bh1 Bf2 27.
Rg2 Qh4 28. Qe2 Be3 29. Qf3 Rd7 30. Nxe3 dxe3 31. Qxe3 Bb7 32. Rd2 Bxh1 33.
Rxh1 g5 34. Rg1 Rg7 35. d4 g4 36. d5 Rc7 37. Rc2 Rc5 38. e6 1-0

[Event "26th Open"]
[Site "Cappelle la Grande FRA"]
[Date "2010.02.17"]
[Round "6"]
[White "Sandipan,C"]
[Black "Cori,J"]
[Result "1/2-1/2"]
[WhiteElo "2622"]
[BlackElo "2483"]
[EventDate "2010.02.13"]

1. d4 Nf6 2. c4 c6 3. Nc3 d5 4. Nf3 e6 5. Bg5 Nbd7 6. e3 Be7 7. Qc2 h6 8.
Bh4 O-O 9. a3 a6 10. cxd5 cxd5 11. Bd3 b5 12. O-O Bb7 13. Rac1 Rc8 14. Qb1
Re8 15. h3 Bd6 16. Ne2 Qb6 17. Nd2 Rxc1 18. Rxc1 Rc8 19. Rf1 b4 20. a4 a5
21. f4 Ba6 22. g4 Bxd3 23. Qxd3 Qc6 24. Rc1 Qb7 25. Rc2 Rxc2 26. Qxc2 Nb6
27. Bxf6 gxf6 28. b3 Qc7 29. Qxc7 Bxc7 30. Ng3 Nd7 31. Kf2 Kh7 32. Nf3 Kg6
33. Ne1 Bd6 34. Nd3 f5 35. gxf5+ exf5 36. Ne5+ Bxe5 37. fxe5 Nf8 38. Ne2
Ne6 39. Kg3 Kg7 40. h4 h5 41. Kf3 Kh6 42. Nc1 f6 43. Nd3 fxe5 44. Nxe5 Kg7
45. Nc6 Kf7 46. Ne5+ Kg7 47. Nd3 Kf7 48. Ne5+ Ke7 49. Nd3 Kf7 50. Nc5 Ke7
51. Nd3 Kf7 52. Kg3 Ke7 53. Kf3 Kf7 54. Ne5+ Ke7 55. Nc6+ Kd6 56. Ne5 Ke7
57. Ke2 Kf6 58. Nc6 Kf7 59. Nxa5 Nd8 60. Kd3 Ke7 61. Nc4 dxc4+ 62. Kxc4 Kd6
63. Kxb4 Nc6+ 64. Kc4 Na5+ 65. Kb4 Nc6+ 66. Kb5 f4 67. exf4 Nxd4+ 68. Kc4
Nf5 69. Kd3 Nxh4 70. Ke4 Ng6 71. f5 Ne5 72. a5 Nc6 73. a6 h4 74. b4 h3 75.
Kf3 Ke5 76. Kg3 Na7 77. Kxh3 1/2-1/2

[Event "26th Open"]
[Site "Cappelle la Grande FRA"]
[Date "2010.02.17"]
[Round "6"]
[White "Sumets,A"]
[Black "Brynell,S"]
[Result "0-1"]
[WhiteElo "2621"]
[BlackElo "2471"]
[EventDate "2010.02.13"]

1. d4 e6 2. c4 Nf6 3. Nc3 Bb4 4. Qc2 O-O 5. a3 Bxc3+ 6. Qxc3 Ne4 7. Qc2 f5
8. g3 b6 9. Bg2 Bb7 10. Nf3 Nf6 11. O-O Be4 12. Qd2 Nc6 13. b4 a6 14. Qc3
Qe8 15. Bg5 d6 16. Rfd1 Qh5 17. Bxf6 Rxf6 18. d5 Nd8 19. Rac1 e5 20. c5
bxc5 21. bxc5 f4 22. Qb4 Bf5 23. cxd6 cxd6 24. Rc7 Nf7 25. Rdc1 Rf8 26. Qb7
e4 27. Nd4 e3 28. fxe3 fxg3 29. hxg3 Qg5 30. R1c3 Qxg3 31. Nxf5 Rxf5 32. e4
Qf2+ 33. Kh2 Rg5 0-1

[Event "26th Open"]
[Site "Cappelle la Grande FRA"]
[Date "2010.02.17"]
[Round "6"]
[White "Lalic,B"]
[Black "Vorobiov,E"]
[Result "1/2-1/2"]
[WhiteElo "2494"]
[BlackElo "2621"]
[EventDate "2010.02.13"]

1. d4 Nf6 2. c4 g6 3. Nc3 Bg7 4. e4 d6 5. Bd3 O-O 6. Nge2 Nc6 7. O-O Nh5 8.
Bc2 e5 9. d5 Ne7 10. a4 f5 11. exf5 gxf5 12. Ng3 Nf4 13. Nce2 Neg6 14. Nxf4
Nxf4 15. Nh5 Nxh5 16. Qxh5 Bd7 17. Ra3 Qe8 18. Qe2 a5 19. Bd2 b6 20. Rfa1
Kh8 21. b4 1/2-1/2

[Event "26th Open"]
[Site "Cappelle la Grande FRA"]
[Date "2010.02.17"]
[Round "6"]
[White "Balogh,C"]
[Black "Tikkanen,H"]
[Result "1-0"]
[WhiteElo "2619"]
[BlackElo "2457"]
[EventDate "2010.02.13"]

1. e4 e5 2. Nf3 Nc6 3. Bb5 Nf6 4. O-O Nxe4 5. d4 Nd6 6. Bxc6 dxc6 7. dxe5
Nf5 8. Qxd8+ Kxd8 9. Nc3 Ne7 10. Ne4 h6 11. b3 Ng6 12. Bb2 Ke8 13. Rad1 Bg4
14. h3 Bxf3 15. gxf3 Nf4 16. Kh2 Be7 17. Bc1 Ne6 18. f4 g6 19. Ng3 h5 20.
f5 h4 21. fxe6 hxg3+ 22. fxg3 fxe6 23. Kg2 Rh5 24. Bf4 Rd8 25. Rxd8+ Bxd8
26. h4 c5 27. Kf3 Be7 28. Ke4 b6 29. a4 a5 30. Rf3 Bd8 31. Kd3 Kd7 32. Bd2
Ke8 33. Bc3 Rf5 34. Ke4 Rh5 35. Be1 Rh7 36. Bf2 Be7 37. Kf4 Rf7+ 38. Kg4
Rf5 39. Rxf5 exf5+ 40. Kf4 Kf7 41. g4 Ke6 42. h5 Bf8 43. Bg3 c4 44. bxc4
Bh6+ 45. Kf3 c5 46. Bf4 Bf8 47. h6 Kf7 48. Bg5 1-0

[Event "26th Open"]
[Site "Cappelle la Grande FRA"]
[Date "2010.02.18"]
[Round "7"]
[White "Radulski,J"]
[Black "Geetha Narayanan Gopal"]
[Result "1-0"]
[WhiteElo "2577"]
[BlackElo "2575"]
[EventDate "2010.02.13"]

1. e4 c5 2. Nc3 d6 3. f4 Nc6 4. Nf3 g6 5. d4 cxd4 6. Nxd4 Bg7 7. Be3 Nf6 8.
Be2 O-O 9. Nb3 Be6 10. O-O Rc8 11. g4 Na5 12. f5 Bd7 13. Nd2 Bc6 14. g5 Nd7
15. Qe1 b5 16. Qh4 b4 17. Nd1 Ne5 18. f6 Bh8 19. a3 b3 20. cxb3 exf6 21.
gxf6 d5 22. b4 Nb7 23. b5 Bd7 24. Nc3 Be6 25. exd5 Bd7 26. Nde4 Re8 27.
Rad1 Bf5 28. d6 Bxe4 29. Nxe4 Qd7 30. Rf4 Rc2 31. Bf1 h5 32. b4 Ra2 33. Nc5
Nxc5 34. bxc5 Rxa3 35. c6 Qe6 36. d7 Nxd7 37. Bc1 Nb6 38. Bxa3 Qe3+ 39. Qf2
Qxa3 40. c7 Rc8 41. Rd8+ Kh7 42. Qd4 Qc1 43. Rxc8 Nxc8 44. Qe5 Nb6 45. Rc4
Qd1 46. Qd4 Qf3 47. Rc6 Qf5 48. Bd3 Qg5+ 49. Kh1 1-0

[Event "26th Open"]
[Site "Cappelle la Grande FRA"]
[Date "2010.02.18"]
[Round "7"]
[White "Hebden,M"]
[Black "Balogh,C"]
[Result "1/2-1/2"]
[WhiteElo "2532"]
[BlackElo "2619"]
[EventDate "2010.02.13"]

1. d4 d5 2. Nf3 Nf6 3. c4 c6 4. e3 Bf5 5. cxd5 cxd5 6. Qb3 Qc7 7. Bd2 Nc6
8. Bb5 e6 9. O-O Bd6 10. Bb4 O-O 11. Bxc6 bxc6 12. Nbd2 Nd7 13. Rfc1 Rab8
14. Bxd6 Qxd6 15. Qc3 Rfc8 16. Nb3 h6 17. Qa5 Rc7 18. Rc3 Rb5 19. Qa6 Rb6
20. Qe2 Qb4 21. h3 Rb8 22. Qa6 Rb6 23. Qe2 Rbb7 24. Ne1 a5 25. Nc2 Bxc2 26.
Rxc2 a4 27. Nc1 c5 28. Nd3 Qb5 29. dxc5 Nxc5 30. Nxc5 Qxe2 31. Rxe2 Rxc5
32. Rd1 Rc4 33. f3 g5 34. Kf2 Rbb4 35. Rd3 Rc1 36. Rd4 Rxd4 37. exd4 Ra1
38. a3 Rc1 39. Ke3 Kg7 40. Kd3 Kf6 41. Rc2 Rd1+ 42. Rd2 Rc1 43. Rc2 Re1 44.
Kd2 Rb1 45. Kc3 Rd1 46. Rd2 Rc1+ 47. Rc2 Rd1 48. Rd2 1/2-1/2

[Event "26th Open"]
[Site "Cappelle la Grande FRA"]
[Date "2010.02.18"]
[Round "7"]
[White "Jojua,D"]
[Black "Mamedov,Nid"]
[Result "0-1"]
[WhiteElo "2535"]
[BlackElo "2610"]
[EventDate "2010.02.13"]

1. d4 Nf6 2. c4 g6 3. Nf3 Bg7 4. g3 O-O 5. Bg2 d6 6. O-O Nc6 7. Nc3 a6 8.
e3 Rb8 9. Qe2 b5 10. Rd1 Nd7 11. Rb1 e5 12. cxb5 axb5 13. d5 Ne7 14. b4 Nb6
15. e4 Bd7 16. Bd2 Qc8 17. Nxb5 Nbxd5 18. Nxd6 cxd6 19. exd5 Bb5 20. Qe1
Qa6 21. Bg5 Nf5 22. Qd2 e4 23. Nh4 Nd4 24. Bh6 e3 25. Qxe3 Rfe8 26. Qd2 Re2
27. Qf4 Be5 28. Qg4 Qa7 29. Be3 Rxe3 30. fxe3 Nc2 31. Qf3 Nxe3 32. Qf2 Ra8
33. Re1 Bd4 34. Nf3 Bb6 35. Kh1 Ng4 36. Qc2 Nf2+ 37. Kg1 Nd3+ 38. Kh1 Nxe1
39. Rxe1 Qxa2 40. Qxa2 Rxa2 41. Ng5 Bd4 42. Bf1 Bd7 43. Re7 Bf5 44. Bh3
Bxh3 45. Nxh3 h6 46. Nf4 Rb2 47. Re8+ Kg7 48. Rd8 g5 49. Nh5+ Kg6 50. g4
Be5 51. Rg8+ Kh7 52. Rf8 Rxh2+ 53. Kg1 Rh4 0-1

[Event "26th Open"]
[Site "Cappelle la Grande FRA"]
[Date "2010.02.18"]
[Round "7"]
[White "Edouard,R"]
[Black "Rivas Pastor,M"]
[Result "1/2-1/2"]
[WhiteElo "2608"]
[BlackElo "2531"]
[EventDate "2010.02.13"]

1. e4 e5 2. Nf3 Nc6 3. Bb5 Nf6 4. Qe2 Bd6 5. O-O O-O 6. c3 Re8 7. d3 h6 8.
Nbd2 a6 9. Ba4 b5 10. Bc2 Bf8 11. Rd1 d5 12. a4 Be6 13. h3 g6 14. Nb3 Qb8
15. axb5 dxe4 16. dxe4 Qxb5 17. Qxb5 axb5 18. Be3 Nd7 19. Ne1 Nb6 20. Nc5
Bxc5 21. Bxc5 Na4 22. Nd3 Bc4 23. Ba3 Red8 24. f3 f6 25. Kf2 Kf7 26. Ke3
Na5 27. Nc5 Rxd1 28. Rxd1 Nxc5 29. Bxc5 Be6 30. Ke2 Nb7 31. Ba3 c5 32. Bd3
Bb3 33. Rd2 c4 34. Bc2 Rd8 35. Bxb3 cxb3 36. Bb4 Ke6 37. Rxd8 Nxd8 38. Bc5
Nb7 39. Bb4 Nd8 40. Bc5 Nb7 41. Bb4 1/2-1/2

[Event "26th Open"]
[Site "Cappelle la Grande FRA"]
[Date "2010.02.18"]
[Round "7"]
[White "Leon Hoyos,M"]
[Black "Burmakin,V"]
[Result "1/2-1/2"]
[WhiteElo "2516"]
[BlackElo "2590"]
[EventDate "2010.02.13"]

1. e4 c6 2. d4 d5 3. f3 g6 4. Nc3 Bg7 5. Be3 dxe4 6. fxe4 e5 7. dxe5 Qxd1+
8. Rxd1 Be6 9. Nf3 Nd7 10. Bf4 h6 11. Rd6 g5 12. Bg3 O-O-O 13. Ke2 Ne7 14.
h4 gxh4 15. Bxh4 Rde8 16. Bg3 Ng6 17. Kf2 Ngxe5 18. Nxe5 Bxe5 19. Bxe5 Nxe5
20. Be2 Reg8 21. Rh5 Rg5 22. Nd1 Ng4+ 23. Bxg4 Rxg4 24. Rd4 Rhg8 25. Ne3
Rf4+ 26. Kg1 Rg3 27. Nf5 Bxf5 28. Rxf5 Rxf5 1/2-1/2

[Event "26th Open"]
[Site "Cappelle la Grande FRA"]
[Date "2010.02.18"]
[Round "7"]
[White "Dziuba,M"]
[Black "Riff,JN"]
[Result "1/2-1/2"]
[WhiteElo "2587"]
[BlackElo "2515"]
[EventDate "2010.02.13"]

1. d4 e6 2. c4 Bb4+ 3. Nd2 c5 4. dxc5 Nf6 5. Ngf3 Bxc5 6. e3 b6 7. Be2 Bb7
8. b3 O-O 9. Bb2 Be7 10. O-O Na6 11. a3 Nc5 12. b4 Nce4 13. Nxe4 Nxe4 14.
Qb3 Bf6 15. Rfd1 d5 16. cxd5 Bxd5 17. Bc4 Bxc4 18. Qxc4 Qc8 19. Qxe4 Bxb2
20. Rab1 Bf6 21. a4 Qa6 22. b5 Qa5 23. g4 g6 24. Qf4 Bg7 25. Rd7 a6 26. Ng5
Bh6 27. Rxf7 Bxg5 28. Rxf8+ Rxf8 29. Qxg5 Qxa4 30. bxa6 Qa2 31. Rf1 Qxa6
32. Qe5 1/2-1/2

[Event "26th Open"]
[Site "Cappelle la Grande FRA"]
[Date "2010.02.18"]
[Round "7"]
[White "Arutinian,D"]
[Black "Sprenger,J"]
[Result "1/2-1/2"]
[WhiteElo "2566"]
[BlackElo "2508"]
[EventDate "2010.02.13"]

1. d4 d5 2. c4 dxc4 3. Nf3 Nf6 4. e3 e6 5. Bxc4 c5 6. Qe2 cxd4 7. exd4 Nc6
8. O-O Be7 9. Rd1 O-O 10. a3 Nd5 11. Nc3 Bf6 12. Ne4 Bd7 13. Nxf6+ Qxf6 14.
Qe4 Nce7 15. Bd3 Qf5 16. Qh4 Ng6 17. Qg3 Ngf4 18. Bxf5 Ne2+ 19. Kh1 Nxg3+
20. hxg3 1/2-1/2

[Event "26th Open"]
[Site "Cappelle la Grande FRA"]
[Date "2010.02.18"]
[Round "7"]
[White "Vovk,A"]
[Black "Olszewski,Mi"]
[Result "1-0"]
[WhiteElo "2508"]
[BlackElo "2562"]
[EventDate "2010.02.13"]

1. e4 c5 2. Nf3 d6 3. d4 cxd4 4. Nxd4 Nf6 5. Nc3 a6 6. Bg5 e6 7. f4 Qc7 8.
Bxf6 gxf6 9. Qd2 Nc6 10. O-O-O Bd7 11. Kb1 O-O-O 12. Bc4 Nxd4 13. Qxd4 Be7
14. f5 Rhg8 15. Qd3 Rg4 16. Bb3 Rdg8 17. Qh3 R8g7 18. Rhe1 Qa5 19. g3 Kb8
20. Qh6 Bc8 21. Ne2 exf5 22. exf5 Qxf5 23. Nd4 Qg6 24. Qd2 Bd8 25. Qb4 Rg8
26. Bd5 Qh5 27. Nc6+ 1-0

[Event "26th Open"]
[Site "Cappelle la Grande FRA"]
[Date "2010.02.18"]
[Round "7"]
[White "Zakhartsov,Vi"]
[Black "Le Roux,JP"]
[Result "1-0"]
[WhiteElo "2562"]
[BlackElo "2497"]
[EventDate "2010.02.13"]

1. Nf3 Nf6 2. c4 g6 3. Nc3 d5 4. Qa4+ Bd7 5. Qb3 dxc4 6. Qxc4 Nc6 7. d4 Bg7
8. e4 O-O 9. Bf4 Rc8 10. Rd1 Bg4 11. Be2 Nd7 12. e5 Na5 13. Qa4 c5 14. dxc5
Nc6 15. h3 Bxf3 16. Bxf3 Qe8 17. Bxc6 Rxc6 18. Qxa7 Ra6 19. Qxb7 Nxc5 20.
Qf3 Na4 21. O-O Nxc3 22. Qxc3 Qa4 23. b4 Rc6 24. Qf3 Re6 25. a3 Bxe5 26.
Bxe5 Rxe5 27. Rfe1 Rf5 28. Qc3 e6 29. Rd3 h5 30. Red1 Qa7 31. Qb2 e5 32.
Rd5 Re8 33. b5 Re6 34. Rd6 Rxd6 35. Rxd6 Qc7 36. Rc6 Qd7 37. b6 Rxf2 38.
Kxf2 Qxc6 39. b7 Qc5+ 40. Kf1 1-0